| 000 | 01095nmc a2200349 a 4500 | ||
|---|---|---|---|
| 003 | AR-BaBNM | ||
| 005 | 20251128210354.0 | ||
| 008 | 010020s1999 ||||||||||||||000 | spa|| | ||
| 020 | _a987-97540-0-X | ||
| 040 | _cAR-BaBNM | ||
| 100 | 1 | _aPien, Sandra | |
| 245 | 1 | 0 |
_aUn argentino llamado Mosconi _bun siglo del petróleo en la Argentina y la historia del hombre que lo convirtió en un instrumento para el desarrollo de la Nación |
| 260 |
_aBuenos Aires _bMaría Ghirlanda _c1999 |
||
| 300 | 0 |
_a183 p. _bil., láms. |
|
| 490 | 0 | _aBiblioteca soldados | |
| 504 | _aBibliografía para consultar p. 177-180 | ||
| 600 | 1 | 4 |
_aYrigoyen, Hipólito _d1916-1922 |
| 600 | 1 | 4 | _aMosconi, Enrique |
| 610 | 1 | 4 | _aArgentina |
| 650 | 4 | _aHISTORIA ARGENTINA | |
| 650 | 4 | _aBIOGRAFIAS | |
| 650 | 4 | _aHISTORIA ECONOMICA | |
| 650 | 4 | _aPETROLEO | |
| 650 | 4 | _aDESARROLLO ECONOMICO | |
| 650 | 4 | _aDESARROLLO INDUSTRIAL | |
| 651 | 4 | _aArgentina | |
| 655 | _aBIOGRAFIAS | ||
| 700 | 1 |
_aMiguel, María Esther de _eprologuista |
|
| 700 | 1 |
_aPáez, Beto _eilustrador |
|
| 942 | _cBK | ||
| 998 | _cMariana | ||
| 999 |
_c15197 _d15197 |
||